|
|
|
|
| LEADER |
00000nam0a2200000 4500 |
| 001 |
191808 |
| 005 |
20231101224358.0 |
| 010 |
|
|
|a 9785459003598
|
| 035 |
|
|
|a (RuTPU)RU\TPU\book\209171
|
| 090 |
|
|
|a 191808
|
| 100 |
|
|
|a 20110211d2011 m y0rusy50 ca
|
| 101 |
0 |
|
|a rus
|
| 102 |
|
|
|a RU
|
| 105 |
|
|
|a a j 000zy
|
| 200 |
1 |
|
|a Философия
|e учебное пособие для вузов
|f В. А. Светлов
|
| 210 |
|
|
|a СПб.
|c Питер
|d 2011
|
| 215 |
|
|
|a 304 с.
|c ил.
|
| 225 |
1 |
|
|a Учебное пособие
|
| 330 |
|
|
|a Хорошо известно, что философия — труднейшая из гуманитарных дисциплин. Обилие имен, противоположных мнений, проблем, часто не имеющих однозначного решения, отсутствие одной «единственно правильной» точки зрения — все это затрудняет быстрое и логически связное восприятие философии как целостной науки. Настоящее пособие учитывает указанные трудности и предназначено для всех, кто желает быстро восстановить пропущенный материал, усвоить его самостоятельно или лучше разобраться в основных философских концепциях. Главное внимание уделяется объяснению важнейших проблем, которые ставит тот или иной философ, и тем решениям, которые он предлагает. Перечень рассматриваемых в пособии тем соответствует стандартной программе по философии для нефилософских факультетов.
|
| 606 |
1 |
|
|a Философия
|2 stltpush
|3 (RuTPU)RU\TPU\subj\63880
|9 80812
|
| 610 |
1 |
|
|a история
|
| 610 |
1 |
|
|a восточная философия
|
| 610 |
1 |
|
|a античная философия
|
| 610 |
1 |
|
|a средневековая философия
|
| 610 |
1 |
|
|a Возрождение
|
| 610 |
1 |
|
|a Новое время
|
| 610 |
1 |
|
|a классическая немецкая философия
|
| 610 |
1 |
|
|a современная философия
|
| 610 |
1 |
|
|a русская философия
|
| 610 |
1 |
|
|a методология
|
| 610 |
1 |
|
|a бытие
|
| 610 |
1 |
|
|a сознание
|
| 610 |
1 |
|
|a познание
|
| 610 |
1 |
|
|a научное познание
|
| 610 |
1 |
|
|a философская антропология
|
| 610 |
1 |
|
|a учебные пособия
|
| 686 |
|
|
|a Ю0/3я73
|v LBC/SL-A
|2 rubbk
|
| 700 |
|
1 |
|a Светлов
|b В. А.
|g Виктор Александрович
|
| 801 |
|
1 |
|a RU
|b 63413507
|c 20110211
|
| 801 |
|
2 |
|a RU
|b 63413507
|c 20150611
|g RCR
|
| 900 |
|
|
|a Философия
|
| 942 |
|
|
|c BK
|
| 951 |
|
|
|l 8
|l 10
|
| 959 |
|
|
|a 14/20110127
|d 2
|e 169,00
|f АНЛ:1
|f ЧЗГЛ:1
|